[Event "25th European Club Cup Women 2021"]
[Site "Struga"]
[Date "2021.09.21"]
[Round "4.10"]
[White "Mehmed, Elif"]
[Black "Badelka, Olga"]
[Result "0-1"]
[WhiteElo "2260"]
[BlackElo "2422"]
[Annotator "ChessBase"]
[PlyCount "148"]
[EventDate "2021.09.18"]
[EventType "team-tourn"]
[EventCountry "MKD"]
[SourceTitle "playchess.com"]
[Source "ChessBase"]
[SourceQuality "1"]
[TimeControl "40/5400+30:1800+30"]

1. e4 {[%emt 0:00:06]} e5 {[%emt 0:00:11]} 2. Nf3 {[%emt 0:00:05]} Nc6 {
[%emt 0:00:07]} 3. Bc4 {[%emt 0:00:09]} Bc5 {[%emt 0:00:19]} 4. O-O {[%emt 0:
00:10]} Nf6 {[%emt 0:00:39]} 5. d3 {[%emt 0:00:08]} h6 {[%emt 0:01:09]} 6. Nbd2
{[%emt 0:00:24]} d6 {[%emt 0:00:45]} 7. c3 {[%emt 0:00:07]} O-O {[%emt 0:00:33]
} 8. Re1 {[%emt 0:00:21]} Bb6 {[%emt 0:02:16]} 9. Bb3 {[%emt 0:00:36]} a5 {
[%emt 0:08:09]} 10. Nf1 {[%emt 0:02:42]} Be6 {[%emt 0:06:04]} 11. Ba4 {[%emt 0:
03:48]} Ne7 {[%emt 0:02:06]} 12. h3 {[%emt 0:04:03]} Ng6 {[%emt 0:01:18]} 13.
d4 {[%emt 0:00:47]} c6 {[%emt 0:06:52]} 14. Ng3 {[%emt 0:03:00]} Qc7 {[%emt 0:
00:30]} 15. Be3 {[%emt 0:03:04]} Rad8 {[%emt 0:01:05]} 16. Qc2 {[%emt 0:07:51]}
Rfe8 {[%emt 0:04:16]} 17. Rad1 {[%emt 0:10:30]} Bc4 {[%emt 0:06:01]} 18. Qb1 {
[%emt 0:18:57]} Ra8 {[%emt 0:13:57]} 19. Bc2 {[%emt 0:09:17]} Be6 {[%emt 0:05:
57]} 20. Bd3 {[%emt 0:04:58]} a4 {[%emt 0:03:39]} 21. b3 {[%emt 0:07:03]} axb3
{[%emt 0:00:46]} 22. axb3 {[%emt 0:00:06]} c5 {[%emt 0:10:30]} 23. Bb5 {
[%emt 0:05:53]} Red8 {[%emt 0:01:00]} 24. d5 {[%emt 0:02:53]} Bd7 {[%emt 0:01:
39]} 25. Bxd7 {[%emt 0:00:22]} Rxd7 {[%emt 0:02:54]} 26. Nd2 {[%emt 0:01:30]}
Ba5 {[%emt 0:04:52]} 27. b4 {[%emt 0:00:38]} cxb4 {[%emt 0:00:38]} 28. cxb4 {
[%emt 0:00:05]} Bb6 {[%emt 0:00:01]} 29. Rc1 {[%emt 0:00:31]} Qd8 {[%emt 0:00:
03]} 30. Bxb6 {[%emt 0:01:37]} Qxb6 {[%emt 0:00:03]} 31. b5 {[%emt 0:01:14]}
Nf4 {[%emt 0:05:24]} 32. Nc4 {[%emt 0:01:13]} Qd8 {[%emt 0:00:01]} 33. Nf5 {
[%emt 0:04:40]} g6 {[%emt 0:00:52]} 34. Nfe3 {[%emt 0:03:55]} Rc7 {[%emt 0:04:
58]} 35. Kh2 {[%emt 0:00:52]} Rc5 {[%emt 0:00:50]} 36. g3 {[%emt 0:00:33]} N4h5
{[%emt 0:00:04]} 37. Nd2 {[%emt 0:01:34]} Nd7 {[%emt 0:01:11]} 38. Nec4 {
[%emt 0:01:28]} Nb6 {[%emt 0:00:21]} 39. Nxb6 {[%emt 0:01:25]} Qxb6 {[%emt 0:
00:02]} 40. Rxc5 {[%emt 0:00:00]} Qxc5 {[%emt 0:00:00]} 41. Kg2 {[%emt 0:03:15]
} Rc8 {[%emt 0:06:57]} 42. Qd3 {[%emt 0:02:41]} Nf6 {[%emt 0:00:28]} 43. Qe3 {
[%emt 0:08:11]} Kg7 {[%emt 0:02:58]} 44. Qxc5 {[%emt 0:06:40]} Rxc5 {[%emt 0:
00:07]} 45. b6 {[%emt 0:01:20]} Rc2 {[%emt 0:00:48]} 46. Rd1 {[%emt 0:00:11]}
Nd7 {[%emt 0:01:11]} 47. Kf3 {[%emt 0:03:34]} Nxb6 {[%emt 0:01:59]} 48. Ke3 {
[%emt 0:00:15]} Na4 {[%emt 0:08:06]} 49. Rb1 {[%emt 0:00:27]} Rb2 {[%emt 0:00:
21]} 50. Rxb2 {[%emt 0:04:59]} Nxb2 {[%emt 0:00:07]} 51. Nb1 {[%emt 0:01:00]}
Kf6 {[%emt 0:06:44]} 52. Na3 {[%emt 0:00:49]} Ke7 {[%emt 0:00:30]} 53. g4 {
[%emt 0:01:21]} Na4 {[%emt 0:03:43]} 54. Nb5 {[%emt 0:00:34]} Nc5 {[%emt 0:00:
31]} 55. f3 {[%emt 0:00:36]} Kd7 {[%emt 0:04:33]} 56. Kd2 {[%emt 0:00:34]} Na6
{[%emt 0:01:47]} 57. Kc3 {[%emt 0:00:16]} Nc7 {[%emt 0:00:11]} 58. Kb4 {
[%emt 0:02:05]} Nxb5 {[%emt 0:01:38]} 59. Kxb5 {[%emt 0:00:05]} Kc7 {[%emt 0:
00:02]} 60. h4 {[%emt 0:00:47]} b6 {[%emt 0:00:34]} 61. g5 {[%emt 0:01:33]}
hxg5 {[%emt 0:00:08]} 62. hxg5 {[%emt 0:00:04]} Kb7 {[%emt 0:00:03]} 63. Kb4 {
[%emt 0:00:11]} Ka6 {[%emt 0:00:03]} 64. Ka4 {[%emt 0:00:10]} b5+ {[%emt 0:00:
04]} 65. Kb4 {[%emt 0:00:03]} Kb6 {[%emt 0:00:03]} 66. Kb3 {[%emt 0:00:09]} Kc5
{[%emt 0:00:08]} 67. Kc3 {[%emt 0:00:19]} b4+ {[%emt 0:00:04]} 68. Kd3 {
[%emt 0:01:52]} Kb5 {[%emt 0:00:05]} 69. Kd2 {[%emt 0:01:32]} Kc4 {[%emt 0:00:
20]} 70. Kc2 {[%emt 0:00:30]} b3+ {[%emt 0:02:49]} 71. Kb2 {[%emt 0:00:21]} Kb4
{[%emt 0:00:04]} 72. Kb1 {[%emt 0:00:57]} Kc3 {[%emt 0:00:14]} 73. Kc1 {
[%emt 0:00:05]} b2+ {[%emt 0:00:25]} 74. Kb1 {[%emt 0:00:03]} Kb3 {[%emt 0:00:
04]} 0-1

[Event "25th European Club Cup Women 2021"]
[Site "Struga"]
[Date "2021.09.21"]
[Round "4.12"]
[White "Manova, Ivana"]
[Black "Solozhenkina, Elizaveta"]
[Result "0-1"]
[WhiteElo "1779"]
[BlackElo "2311"]
[Annotator "ChessBase"]
[PlyCount "182"]
[EventDate "2021.09.18"]
[EventType "team-tourn"]
[EventCountry "MKD"]
[SourceTitle "playchess.com"]
[Source "ChessBase"]
[SourceQuality "1"]
[TimeControl "40/5400+30:1800+30"]

1. e4 {[%emt 0:00:09]} e6 {[%emt 0:00:06]} 2. d4 {[%emt 0:00:19]} d5 {[%emt 0:
00:06]} 3. e5 {[%emt 0:00:25]} c5 {[%emt 0:00:12]} 4. c3 {[%emt 0:00:16]} Qb6 {
[%emt 0:03:02]} 5. Nf3 {[%emt 0:00:57]} Nc6 {[%emt 0:00:11]} 6. Bd3 {[%emt 0:
00:44]} Bd7 {[%emt 0:06:46]} 7. O-O {[%emt 0:01:00]} a5 {[%emt 0:12:08]} 8. Bc2
{[%emt 0:07:52]} cxd4 {[%emt 0:08:59]} 9. cxd4 {[%emt 0:00:14]} Nb4 {[%emt 0:
00:09]} 10. Ba4 {[%emt 0:02:04]} Bxa4 {[%emt 0:00:10]} 11. Qxa4+ {[%emt 0:00:
05]} Qc6 {[%emt 0:00:06]} 12. Qxc6+ {[%emt 0:09:34]} bxc6 {[%emt 0:01:20]} 13.
a3 {[%emt 0:03:46]} Nd3 {[%emt 0:09:10]} 14. Rd1 {[%emt 0:02:55]} Nxc1 {
[%emt 0:00:08]} 15. Rxc1 {[%emt 0:00:03]} Kd7 {[%emt 0:00:12]} 16. b3 {[%emt 0:
04:58]} Nh6 {[%emt 0:02:23]} 17. Nc3 {[%emt 0:01:38]} Be7 {[%emt 0:06:42]} 18.
Na4 {[%emt 0:03:56]} Rhb8 {[%emt 0:01:22]} 19. Rc3 {[%emt 0:00:46]} Rb5 {
[%emt 0:10:23]} 20. Ne1 {[%emt 0:13:40]} Nf5 {[%emt 0:03:24]} 21. Nc2 {[%emt 0:
01:35]} h5 {[%emt 0:01:48]} 22. h3 {[%emt 0:06:18]} g5 {[%emt 0:02:09]} 23. g4
{[%emt 0:03:40]} hxg4 {[%emt 0:00:25]} 24. hxg4 {[%emt 0:00:12]} Nh4 {[%emt 0:
00:10]} 25. Ne1 {[%emt 0:07:05]} Rab8 {[%emt 0:02:36]} 26. Nd3 {[%emt 0:16:19]}
Nf3+ {[%emt 0:00:55]} 27. Kg2 {[%emt 0:00:03]} Nxd4 {[%emt 0:00:09]} 28. Nac5+
{[%emt 0:00:44]} Bxc5 {[%emt 0:04:06]} 29. Nxc5+ {[%emt 0:00:48]} Ke7 {[%emt 0:
00:21]} 30. b4 {[%emt 0:03:45]} Ne2 {[%emt 0:01:09]} 31. Rc2 {[%emt 0:05:14]}
Nf4+ {[%emt 0:00:08]} 32. Kg1 {[%emt 0:00:07]} Ra8 {[%emt 0:00:13]} 33. Nb3 {
[%emt 0:01:37]} axb4 {[%emt 0:01:14]} 34. Nd4 {[%emt 0:00:13]} Rb7 {[%emt 0:02:
27]} 35. Rb1 {[%emt 0:01:59]} Rxa3 {[%emt 0:02:12]} 36. Rxb4 {[%emt 0:01:09]}
Rxb4 {[%emt 0:00:25]} 37. Nxc6+ {[%emt 0:00:06]} Kd7 {[%emt 0:03:19]} 38. Nxb4
{[%emt 0:00:06]} Ra4 {[%emt 0:00:03]} 39. Rb2 {[%emt 0:01:31]} Ng6 {[%emt 0:00:
14]} 40. Nd3 {[%emt 0:00:00]} Rxg4+ {[%emt 0:00:00]} 41. Kh2 {[%emt 0:02:55]}
Ke7 {[%emt 0:04:51]} 42. f3 {[%emt 0:02:40]} Rd4 {[%emt 0:00:05]} 43. Rb3 {
[%emt 0:00:30]} Nf4 {[%emt 0:01:39]} 44. Nf2 {[%emt 0:01:11]} Rd2 {[%emt 0:01:
43]} 45. Rb7+ {[%emt 0:00:49]} Kf8 {[%emt 0:00:22]} 46. Kg1 {[%emt 0:00:06]}
Kg7 {[%emt 0:05:16]} 47. Ng4 {[%emt 0:02:46]} Ng6 {[%emt 0:06:13]} 48. Kf1 {
[%emt 0:01:38]} Ra2 {[%emt 0:02:30]} 49. Rb8 {[%emt 0:01:04]} Ra3 {[%emt 0:01:
55]} 50. Ke2 {[%emt 0:03:50]} Nh4 {[%emt 0:01:08]} 51. Nf6 {[%emt 0:02:04]}
Nxf3 {[%emt 0:03:07]} 52. Rg8+ {[%emt 0:01:02]} Kh6 {[%emt 0:00:09]} 53. Ng4+ {
[%emt 0:00:20]} Kh5 {[%emt 0:00:03]} 54. Nf6+ {[%emt 0:00:12]} Kh4 {[%emt 0:00:
05]} 55. Kf2 {[%emt 0:00:19]} Kh3 {[%emt 0:04:23]} 56. Rg7 {[%emt 0:01:34]} Nh4
{[%emt 0:04:54]} 57. Rxg5 {[%emt 0:02:04]} Rf3+ {[%emt 0:06:31]} 58. Ke2 {
[%emt 0:00:22]} d4 {[%emt 0:01:34]} 59. Ng4 {[%emt 0:05:32]} d3+ {[%emt 0:01:
47]} 60. Kd2 {[%emt 0:00:07]} Nf5 {[%emt 0:02:09]} 61. Nf6 {[%emt 0:04:39]} Ng3
{[%emt 0:02:48]} 62. Rg7 {[%emt 0:00:54]} Nf1+ {[%emt 0:02:04]} 63. Kd1 {
[%emt 0:01:18]} d2 {[%emt 0:03:54]} 64. Ne4 {[%emt 0:01:48]} Re3 {[%emt 0:00:
50]} 65. Nxd2 {[%emt 0:01:29]} Nxd2 {[%emt 0:01:03]} 66. Kxd2 {[%emt 0:00:02]}
Rf3 {[%emt 0:00:06]} 67. Ke2 {[%emt 0:00:30]} Rf5 {[%emt 0:00:04]} 68. Kd3 {
[%emt 0:00:15]} Kh4 {[%emt 0:00:04]} 69. Kd4 {[%emt 0:03:55]} Kh5 {[%emt 0:00:
15]} 70. Ke4 {[%emt 0:00:39]} Kh6 {[%emt 0:00:06]} 71. Rg4 {[%emt 0:00:32]} Rg5
{[%emt 0:00:13]} 72. Rf4 {[%emt 0:00:22]} Kg6 {[%emt 0:00:38]} 73. Rf6+ {
[%emt 0:00:17]} Kg7 {[%emt 0:00:01]} 74. Rf4 {[%emt 0:00:33]} Rg1 {[%emt 0:00:
28]} 75. Kd4 {[%emt 0:00:47]} Ra1 {[%emt 0:00:34]} 76. Rg4+ {[%emt 0:00:52]}
Kf8 {[%emt 0:00:01]} 77. Ke3 {[%emt 0:00:33]} Ra3+ {[%emt 0:01:03]} 78. Kf2 {
[%emt 0:00:15]} Ke7 {[%emt 0:01:05]} 79. Rb4 {[%emt 0:00:29]} Ra5 {[%emt 0:00:
38]} 80. Re4 {[%emt 0:00:04]} Kd7 {[%emt 0:01:01]} 81. Rf4 {[%emt 0:00:53]} Ke7
{[%emt 0:00:30]} 82. Re4 {[%emt 0:00:08]} Ra3 {[%emt 0:01:22]} 83. Rb4 {
[%emt 0:00:14]} Kf8 {[%emt 0:00:04]} 84. Rg4 {[%emt 0:00:21]} Ra5 {[%emt 0:00:
44]} 85. Re4 {[%emt 0:00:05]} Kg7 {[%emt 0:00:20]} 86. Rg4+ {[%emt 0:00:27]}
Kh6 {[%emt 0:00:20]} 87. Rf4 {[%emt 0:00:16]} Kg6 {[%emt 0:00:08]} 88. Rg4+ {
[%emt 0:01:22]} Kf5 {[%emt 0:00:07]} 89. Rg7 {[%emt 0:00:14]} Ra7 {[%emt 0:00:
04]} 90. Ke3 {[%emt 0:01:26]} Kxe5 {[%emt 0:00:06]} 91. Rg5+ {[%emt 0:00:06]}
f5 {[%emt 0:00:04]} 0-1

[Event "25th European Club Cup Women 2021"]
[Site "Struga"]
[Date "2021.09.21"]
[Round "4.13"]
[White "Goryachkina, Aleksandra"]
[Black "Unuk, Laura"]
[Result "1-0"]
[WhiteElo "2608"]
[BlackElo "2389"]
[Annotator "ChessBase"]
[PlyCount "73"]
[EventDate "2021.09.18"]
[EventType "team-tourn"]
[EventCountry "MKD"]
[SourceTitle "playchess.com"]
[Source "ChessBase"]
[SourceQuality "1"]
[TimeControl "40/5400+30:1800+30"]

1. c4 {[%emt 0:00:12]} c6 {[%emt 0:00:53]} 2. Nf3 {[%emt 0:00:19]} d5 {[%emt 0:
00:07]} 3. d4 {[%emt 0:00:14]} Nf6 {[%emt 0:00:38]} 4. Nc3 {[%emt 0:00:12]} e6
{[%emt 0:00:23]} 5. e3 {[%emt 0:02:34]} Nbd7 {[%emt 0:03:07]} 6. Qc2 {[%emt 0:
00:22]} Bd6 {[%emt 0:00:38]} 7. b3 {[%emt 0:00:26]} b6 {[%emt 0:02:02]} 8. Be2
{[%emt 0:02:26]} Bb7 {[%emt 0:00:18]} 9. O-O {[%emt 0:00:27]} O-O {[%emt 0:00:
20]} 10. Bb2 {[%emt 0:00:12]} Re8 {[%emt 0:03:21]} 11. Rfe1 {[%emt 0:01:33]}
Rc8 {[%emt 0:00:32]} 12. Rad1 {[%emt 0:02:34]} c5 {[%emt 0:06:59]} 13. dxc5 {
[%emt 0:12:25]} Nxc5 {[%emt 0:15:14]} 14. cxd5 {[%emt 0:05:21]} exd5 {[%emt 0:
02:15]} 15. Qb1 {[%emt 0:02:36]} a6 {[%emt 0:03:01]} 16. h3 {[%emt 0:06:15]}
Qe7 {[%emt 0:05:11]} 17. Qa1 {[%emt 0:03:57]} b5 {[%emt 0:04:50]} 18. Bd3 {
[%emt 0:02:45]} Nce4 {[%emt 0:05:53]} 19. Ne2 {[%emt 0:05:27]} Bb4 {[%emt 0:09:
29]} 20. Rf1 {[%emt 0:00:46]} Red8 {[%emt 0:04:01]} 21. Bxe4 {[%emt 0:06:27]}
dxe4 {[%emt 0:00:52]} 22. Nfd4 {[%emt 0:44:00]} Nd5 {[%emt 0:05:48]} 23. a3 {
[%emt 0:00:00]} Bc5 {[%emt 0:01:25]} 24. Nf5 {[%emt 0:00:00]} Qg5 {[%emt 0:00:
26]} 25. Neg3 {[%emt 0:00:00]} f6 {[%emt 0:09:47]} 26. b4 {[%emt 0:00:00]} Bb6
{[%emt 0:01:37]} 27. Qb1 {[%emt 0:00:00]} Rc4 {[%emt 0:06:04]} 28. Rd2 {
[%emt 0:00:00]} Kf8 {[%emt 0:01:14]} 29. Rfd1 {[%emt 0:00:00]} h5 {[%emt 0:04:
13]} 30. h4 {[%emt 0:00:00]} Qg4 {[%emt 0:00:14]} 31. Qa1 {[%emt 0:00:00]} Rd7
{[%emt 0:01:29]} 32. Bxf6 {[%emt 0:00:00]} gxf6 {[%emt 0:01:08]} 33. Rxd5 {
[%emt 0:00:00]} Bxd5 {[%emt 0:03:31]} 34. Qxf6+ {[%emt 0:00:00]} Rf7 {[%emt 0:
00:00]} 35. Qd6+ {[%emt 0:00:00]} Ke8 {[%emt 0:00:16]} 36. Qxd5 {[%emt 0:00:00]
} Rfc7 {[%emt 0:00:41]} 37. Qe6+ {[%emt 0:00:00]} 1-0

[Event "25th European Club Cup Women 2021"]
[Site "Struga"]
[Date "2021.09.21"]
[Round "4.14"]
[White "Cvitan, Ena"]
[Black "Dzagnidze, Nana"]
[Result "0-1"]
[WhiteElo "2284"]
[BlackElo "2525"]
[Annotator "ChessBase"]
[PlyCount "110"]
[EventDate "2021.09.18"]
[EventType "team-tourn"]
[EventCountry "MKD"]
[SourceTitle "playchess.com"]
[Source "ChessBase"]
[SourceQuality "1"]
[TimeControl "40/5400+30:1800+30"]

1. d4 {[%emt 0:00:11]} Nf6 {[%emt 0:00:11]} 2. c4 {[%emt 0:00:07]} e6 {[%emt 0:
00:07]} 3. Nc3 {[%emt 0:00:06]} Bb4 {[%emt 0:00:05]} 4. e3 {[%emt 0:00:10]} O-O
{[%emt 0:00:22]} 5. Bd3 {[%emt 0:00:19]} c5 {[%emt 0:00:47]} 6. Nge2 {[%emt 0:
00:25]} d5 {[%emt 0:02:36]} 7. a3 {[%emt 0:03:54]} Bxc3+ {[%emt 0:00:31]} 8.
bxc3 {[%emt 0:00:07]} dxc4 {[%emt 0:03:34]} 9. Bxc4 {[%emt 0:00:08]} Qc7 {
[%emt 0:00:05]} 10. Bd3 {[%emt 0:00:16]} b6 {[%emt 0:00:48]} 11. O-O {[%emt 0:
02:31]} e5 {[%emt 0:15:08]} 12. e4 {[%emt 0:04:18]} cxd4 {[%emt 0:02:07]} 13.
cxd4 {[%emt 0:00:04]} exd4 {[%emt 0:00:58]} 14. Bf4 {[%emt 0:03:02]} Qd7 {
[%emt 0:02:39]} 15. a4 {[%emt 0:09:12]} Ba6 {[%emt 0:22:25]} 16. a5 {[%emt 0:
06:02]} b5 {[%emt 0:08:58]} 17. Qb1 {[%emt 0:12:29]} h6 {[%emt 0:06:43]} 18.
Rd1 {[%emt 0:10:00]} Nc6 {[%emt 0:01:56]} 19. Bxb5 {[%emt 0:02:35]} Bxb5 {
[%emt 0:00:58]} 20. Qxb5 {[%emt 0:00:06]} Rfd8 {[%emt 0:00:15]} 21. Ng3 {
[%emt 0:10:44]} d3 {[%emt 0:02:57]} 22. a6 {[%emt 0:07:32]} Rac8 {[%emt 0:06:
17]} 23. h3 {[%emt 0:02:41]} Qe6 {[%emt 0:03:06]} 24. Rxd3 {[%emt 0:04:19]} Nd4
{[%emt 0:00:51]} 25. Qb1 {[%emt 0:00:57]} Rd7 {[%emt 0:08:42]} 26. Kh2 {
[%emt 0:04:04]} h5 {[%emt 0:03:34]} 27. Ra4 {[%emt 0:04:34]} Rcd8 {[%emt 0:00:
08]} 28. Be3 {[%emt 0:01:20]} Nf3+ {[%emt 0:00:44]} 29. gxf3 {[%emt 0:00:06]}
Rxd3 {[%emt 0:00:04]} 30. Qc2 {[%emt 0:06:56]} g6 {[%emt 0:05:05]} 31. h4 {
[%emt 0:00:24]} R3d6 {[%emt 0:00:51]} 32. Qc7 {[%emt 0:02:38]} Qd7 {[%emt 0:00:
33]} 33. Qxd7 {[%emt 0:00:08]} Nxd7 {[%emt 0:00:02]} 34. Bxa7 {[%emt 0:01:05]}
Ra8 {[%emt 0:00:02]} 35. Be3 {[%emt 0:01:10]} Rdxa6 {[%emt 0:00:13]} 36. Rxa6 {
[%emt 0:00:09]} Rxa6 {[%emt 0:00:02]} 37. Kg2 {[%emt 0:00:10]} Ne5 {[%emt 0:00:
14]} 38. Bd4 {[%emt 0:01:13]} Nd3 {[%emt 0:00:06]} 39. Ne2 {[%emt 0:01:34]} Ra2
{[%emt 0:00:06]} 40. Ng1 {[%emt 0:00:00]} f5 {[%emt 0:00:00]} 41. Be3 {[%emt 0:
06:12]} Ra4 {[%emt 0:06:44]} 42. exf5 {[%emt 0:06:29]} gxf5 {[%emt 0:00:07]}
43. Bg5 {[%emt 0:00:59]} f4 {[%emt 0:04:51]} 44. Kf1 {[%emt 0:00:48]} Kf7 {
[%emt 0:00:13]} 45. Nh3 {[%emt 0:02:04]} Ke6 {[%emt 0:02:43]} 46. Ke2 {[%emt 0:
00:15]} Rd4 {[%emt 0:00:03]} 47. Bh6 {[%emt 0:04:47]} Kf5 {[%emt 0:00:40]} 48.
Bg5 {[%emt 0:00:45]} Ne5 {[%emt 0:03:39]} 49. Bh6 {[%emt 0:01:24]} Ra4 {
[%emt 0:00:06]} 50. Bg5 {[%emt 0:00:35]} Ra2+ {[%emt 0:01:01]} 51. Kf1 {
[%emt 0:00:06]} Nxf3 {[%emt 0:00:12]} 52. Bxf4 {[%emt 0:00:51]} Kg4 {[%emt 0:
00:25]} 53. Kg2 {[%emt 0:00:05]} Nxh4+ {[%emt 0:00:14]} 54. Kh2 {[%emt 0:00:04]
} Ra3 {[%emt 0:02:44]} 55. Bg3 {[%emt 0:00:50]} Nf5 {[%emt 0:00:09]} 0-1

[Event "25th European Club Cup Women 2021"]
[Site "Struga"]
[Date "2021.09.21"]
[Round "4.15"]
[White "Cramling, Pia"]
[Black "Urh, Zala"]
[Result "1/2-1/2"]
[WhiteElo "2455"]
[BlackElo "2234"]
[Annotator "ChessBase"]
[PlyCount "74"]
[EventDate "2021.09.18"]
[EventType "team-tourn"]
[EventCountry "MKD"]
[SourceTitle "playchess.com"]
[Source "ChessBase"]
[SourceQuality "1"]
[TimeControl "40/5400+30:1800+30"]

1. d4 {[%emt 0:00:33]} Nf6 {[%emt 0:00:05]} 2. c4 {[%emt 0:00:45]} e6 {[%emt 0:
00:05]} 3. Nf3 {[%emt 0:00:23]} d5 {[%emt 0:00:40]} 4. g3 {[%emt 0:00:31]} dxc4
{[%emt 0:00:15]} 5. Qa4+ {[%emt 0:00:37]} Nbd7 {[%emt 0:00:25]} 6. Bg2 {
[%emt 0:04:01]} a6 {[%emt 0:00:18]} 7. Qxc4 {[%emt 0:01:36]} b5 {[%emt 0:00:29]
} 8. Qc2 {[%emt 0:10:53]} Bb7 {[%emt 0:00:34]} 9. O-O {[%emt 0:12:01]} c5 {
[%emt 0:01:59]} 10. a4 {[%emt 0:00:59]} Rc8 {[%emt 0:03:18]} 11. axb5 {[%emt 0:
01:31]} axb5 {[%emt 0:00:13]} 12. Qb3 {[%emt 0:05:13]} b4 {[%emt 0:04:07]} 13.
dxc5 {[%emt 0:02:42]} Bxc5 {[%emt 0:02:28]} 14. Be3 {[%emt 0:03:03]} Bd5 {
[%emt 0:08:02]} 15. Qd3 {[%emt 0:00:13]} Qb6 {[%emt 0:05:05]} 16. Bxc5 {
[%emt 0:05:26]} Nxc5 {[%emt 0:01:09]} 17. Qe3 {[%emt 0:00:20]} O-O {[%emt 0:03:
35]} 18. Nbd2 {[%emt 0:00:12]} Rfd8 {[%emt 0:03:43]} 19. h3 {[%emt 0:01:56]} b3
{[%emt 0:17:04]} 20. Rfc1 {[%emt 0:05:45]} Qb4 {[%emt 0:02:09]} 21. Qc3 {
[%emt 0:11:23]} Qb7 {[%emt 0:05:56]} 22. Qa5 {[%emt 0:05:35]} Nce4 {[%emt 0:03:
59]} 23. Nxe4 {[%emt 0:00:45]} Bxe4 {[%emt 0:02:43]} 24. Rxc8 {[%emt 0:02:13]}
Rxc8 {[%emt 0:01:17]} 25. Rd1 {[%emt 0:02:37]} h6 {[%emt 0:02:55]} 26. Ne1 {
[%emt 0:07:49]} Bxg2 {[%emt 0:04:32]} 27. Nxg2 {[%emt 0:00:02]} Rc2 {[%emt 0:
00:26]} 28. Qa3 {[%emt 0:05:03]} Rxe2 {[%emt 0:14:17]} 29. Rd8+ {[%emt 0:08:48]
} Kh7 {[%emt 0:00:05]} 30. Qf8 {[%emt 0:00:23]} Rxb2 {[%emt 0:00:43]} 31. Qh8+
{[%emt 0:00:25]} Kg6 {[%emt 0:00:01]} 32. Rd1 {[%emt 0:00:57]} Rxf2 {[%emt 0:
08:43]} 33. Kxf2 {[%emt 0:00:51]} Qa7+ {[%emt 0:00:38]} 34. Kf3 {[%emt 0:01:00]
} Qb7+ {[%emt 0:00:20]} 35. Kf2 {[%emt 0:00:09]} Qa7+ {[%emt 0:00:03]} 36. Kf3
{[%emt 0:01:07]} Qb7+ {[%emt 0:00:13]} 37. Kf2 {[%emt 0:00:08]} Qa7+ {[%emt 0:
00:30]} 1/2-1/2

[Event "25th European Club Cup Women 2021"]
[Site "Struga"]
[Date "2021.09.21"]
[Round "4.16"]
[White "Janzelj, Lara"]
[Black "Paehtz, Elisabeth"]
[Result "0-1"]
[WhiteElo "2186"]
[BlackElo "2465"]
[Annotator "ChessBase"]
[PlyCount "102"]
[EventDate "2021.09.18"]
[EventType "team-tourn"]
[EventCountry "MKD"]
[SourceTitle "playchess.com"]
[Source "ChessBase"]
[SourceQuality "1"]
[TimeControl "40/5400+30:1800+30"]

1. d4 {[%emt 0:00:03]} d6 {[%emt 0:00:02]} 2. Nf3 {[%emt 0:00:14]} g6 {[%emt 0:
00:15]} 3. c4 {[%emt 0:00:26]} Bg7 {[%emt 0:00:08]} 4. Nc3 {[%emt 0:00:08]} e5
{[%emt 0:00:03]} 5. g3 {[%emt 0:06:59]} Nc6 {[%emt 0:06:02]} 6. dxe5 {[%emt 0:
04:03]} Nxe5 {[%emt 0:00:04]} 7. Nxe5 {[%emt 0:08:34]} Bxe5 {[%emt 0:00:03]} 8.
Bg2 {[%emt 0:00:20]} Ne7 {[%emt 0:00:09]} 9. O-O {[%emt 0:03:16]} O-O {[%emt 0:
01:51]} 10. Bg5 {[%emt 0:02:35]} c6 {[%emt 0:09:48]} 11. Ne4 {[%emt 0:03:58]}
f6 {[%emt 0:06:58]} 12. Bh6 {[%emt 0:00:58]} Rf7 {[%emt 0:00:02]} 13. Rb1 {
[%emt 0:14:10]} d5 {[%emt 0:29:38]} 14. cxd5 {[%emt 0:03:52]} cxd5 {[%emt 0:00:
04]} 15. Nc5 {[%emt 0:03:22]} Bf5 {[%emt 0:04:02]} 16. Nd3 {[%emt 0:02:28]} Bd4
{[%emt 0:01:01]} 17. Bf4 {[%emt 0:06:37]} g5 {[%emt 0:08:05]} 18. Bd2 {[%emt 0:
00:29]} Qb6 {[%emt 0:01:49]} 19. Qa4 {[%emt 0:02:18]} Bxd3 {[%emt 0:03:46]} 20.
exd3 {[%emt 0:00:19]} Be5 {[%emt 0:02:03]} 21. Rfe1 {[%emt 0:02:35]} Qc6 {
[%emt 0:13:44]} 22. Qb3 {[%emt 0:02:15]} Rd8 {[%emt 0:01:13]} 23. Ba5 {[%emt 0:
03:37]} b6 {[%emt 0:00:29]} 24. Bb4 {[%emt 0:01:48]} Nf5 {[%emt 0:01:09]} 25.
Rbc1 {[%emt 0:02:01]} Qb5 {[%emt 0:01:45]} 26. a4 {[%emt 0:00:35]} Nd4 {
[%emt 0:02:00]} 27. Qa3 {[%emt 0:01:14]} Qd7 {[%emt 0:00:36]} 28. Bc3 {[%emt 0:
01:02]} Qf5 {[%emt 0:01:36]} 29. Re3 {[%emt 0:03:43]} g4 {[%emt 0:03:22]} 30.
Qb4 {[%emt 0:03:25]} Nc6 {[%emt 0:00:48]} 31. Qb5 {[%emt 0:02:38]} d4 {[%emt 0:
00:09]} 32. Re4 {[%emt 0:01:40]} dxc3 {[%emt 0:00:53]} 33. bxc3 {[%emt 0:00:52]
} Qg5 {[%emt 0:01:02]} 34. Rce1 {[%emt 0:02:03]} Bxc3 {[%emt 0:01:06]} 35. Qc4
{[%emt 0:06:44]} Bxe1 {[%emt 0:00:54]} 36. Rxg4 {[%emt 0:00:02]} Ne5 {[%emt 0:
00:33]} 37. Rxg5+ {[%emt 0:00:04]} fxg5 {[%emt 0:00:02]} 38. Qe6 {[%emt 0:02:
28]} Bxf2+ {[%emt 0:00:05]} 39. Kh1 {[%emt 0:00:01]} Bd4 {[%emt 0:00:18]} 40.
Qh6 {[%emt 0:00:00]} Rg7 {[%emt 0:00:00]} 41. Bd5+ {[%emt 0:02:10]} Kh8 {
[%emt 0:05:52]} 42. Qe6 {[%emt 0:02:57]} Rf7 {[%emt 0:02:01]} 43. Bg2 {[%emt 0:
32:57]} Kg7 {[%emt 0:00:33]} 44. h4 {[%emt 0:00:00]} g4 {[%emt 0:01:23]} 45. h5
{[%emt 0:00:00]} h6 {[%emt 0:01:28]} 46. Kh2 {[%emt 0:00:00]} Rdd7 {[%emt 0:01:
31]} 47. Qb3 {[%emt 0:00:00]} Rf5 {[%emt 0:01:47]} 48. Be4 {[%emt 0:00:00]}
Rf2+ {[%emt 0:01:18]} 49. Bg2 {[%emt 0:00:00]} Rc7 {[%emt 0:00:47]} 50. Qa3 {
[%emt 0:00:00]} Rcc2 {[%emt 0:01:21]} 51. Qe7+ {[%emt 0:00:00]} Nf7 {[%emt 0:
00:12]} 0-1